Religion Quiz

Random Religion or Bible Quiz
Score 0/159 Timer 08:00
0 Plays Today
% Correct
the
96.9%
the
96.9%
the
96.9%
the
96.9%
the
96.9%
the
96.9%
the
96.9%
the
96.9%
the
96.9%
the
96.9%
the
96.9%
the
96.9%
the
96.9%
the
96.9%
the
96.9%
the
96.9%
the
96.9%
the
96.9%
the
96.9%
I
94.2%
I
94.1%
I
94.1%
a
93.6%
a
93.6%
a
93.6%
go
92.2%
Go
92.2%
God.
92.2%
God
92.2%
God,
92.2%
God.
92.2%
god;
92.2%
God
92.2%
he
91.1%
And
91.1%
and
91.1%
and
91.1%
and
91.1%
and
91.1%
and
91.1%
and
91.1%
and
91.1%
and
91.1%
in
89.9%
in
89.9%
In
89.9%
In
89.9%
for
89.3%
for
89.3%
for
89.3%
For
89.3%
For
89.3%
for
89.3%
% Correct
so
87.7%
Son,
85.8%
Son,
85.8%
of
85.1%
of
85.1%
of
85.1%
of
85.1%
of
85.1%
of
85.1%
of
85.1%
of
85.1%
of
85.1%
no
83.8%
his
83.7%
that
83.7%
that
83.7%
only
82.1%
world,
81.9%
loved
81.4%
gave
80.6%
me;
79.3%
me.
79.3%
beginning
78.9%
beginning
78.9%
shall
78.6%
earth.
78.5%
earth.
78.5%
heaven
77.1%
will
76.7%
created
76.3%
with
75.4%
with
75.4%
not
74.7%
begotten
74.5%
Holy
73.9%
was
73%
was
73%
was
73%
Father,
72.9%
have
72.7%
have
72.7%
they
72.6%
they
72.6%
life.
71.9%
Ghost.
71.6%
him
70.9%
everlasting
69.9%
Word,
69.8%
Word
69.8%
Word
69.8%
but
69.6%
name
69.5%
thou
69.4%
% Correct
to
69.1%
to
69.1%
is
68.3%
through
68.2%
through
68.2%
are
66.9%
fear
66.7%
valley
66.1%
death,
66%
walk
66%
evil:
65.3%
you,
65.2%
perish
64.2%
shadow
63.7%
believeth
62.9%
whosoever
62%
inherit
61.7%
art
60.9%
Blessed
60%
meek:
59.7%
all
59.6%
all
59.6%
though
59.5%
thy
59.2%
thy
59.2%
It
58.4%
man
58.2%
ye
56.8%
staff
54.6%
rod
54.3%
comfort
54%
say
50.6%
kingdom
50.1%
than
49.8%
eye
49.6%
needle,
48.8%
camel
47.9%
glory
47.2%
Yea,
47%
easier
47%
enter
47%
rich
46.4%
unto
46.3%
should
44.9%
sinned,
43.5%
them
42%
short
41%
nations,
35.7%
therefore,
35.4%
come
34.9%
baptizing
34.2%
teach
25.1%
again
17.6%
Remove Ads.
Support Sporcle.
Get the best of Sporcle when you Go Orange. This ad-free experience offers more features, more stats, and more fun while also helping to support Sporcle. Thank you for becoming a member.

You're not logged in!

Compare scores with friends on all Sporcle quizzes.
OR
Log In

Show Comments

Extras

Top Quizzes Today


Score Distribution

Your Account Isn't Verified!

In order to create a playlist on Sporcle, you need to verify the email address you used during registration. Go to your Sporcle Settings to finish the process.

Report this User

Report this user for behavior that violates our Community Guidelines.

Details: